000 00328nam a22001337a 4500
008 181010b xxu||||| |||| 00| 0 eng d
020 _a0963525506
041 _aeng
080 _a371
100 _a25
101 _aEDU
245 _aSchool-based Assessments and Interventions for ADD Students
_cSwanson,J. M
942 _2udc
_cBK
999 _c49277
_d49277